| 000 | 00349nam a22001337a 4500 | ||
|---|---|---|---|
| 020 | _a9966-28-730-2 | ||
| 082 | _a657.48 SAL | ||
| 100 |
_aSaleemi A, N. _91432 |
||
| 245 | _aAdvanced Financial Accounting Simplified [volume 1] | ||
| 260 |
_aKenya _bSaleemi _c2008 |
||
| 300 |
_a482p. _bill.;21cm. |
||
| 650 |
_aFinancial Accounting _91112 |
||
| 942 | _cBK | ||
| 999 |
_c21451 _d21451 |
||